00669nam a2200241 a 4500001001300000003000900013005001700022008004100039020001000080082001800090100001700108245002500125260003200150300001000182500003500192505001300227650002200240700001700262902000800279942000700287952011800294999001500412nice12345678IN_TiNIC20260116012007.0050524s1966 mada grp 000 0 ara  ac11500a297.1224bDAR aDarul, Qalam aQuran Karimb Osmani aMadras bNo Publisherc1966 a522p. aincludes index and biblioraphy2 aAppendex aQuran-Arabic Text1 aDarul, Qalam bSRS cBK 001040708StackRoom-aHMIbHMId2007-07-30g115.00l0o297.1224 DARp08139r2007-07-30v115.00w2005-05-24yBK c5197d5197